000 01122nam a2200265Ia 4500
003 OSt
005 20220918110815.0
006 a|||||r|||| 00| 0
007 ta
008 220915b |||||||| |||| 00| 0 hin d
020 _a9788179755006 (hbk (Set))
_c4500
024 _a15,691
037 _bIN1063, 05/03/2014, Anamika Publishers & Distributor Pvt. Ltd.
_cReference Collections
040 _aARTS
_cARTS
_bhin
041 _2hin
_ahin
082 _aV2y7N10, 152Q3.1-.5(RR)
100 _aकपूर, मस्तराम, संपा.
245 0 _aलोकसभा में लोहिया
246 _aLokasabhā mean lohiyā
260 _aनई दिल्ली
_bअनामिका पब्लिशर्स भारत
_c2013
490 _vखण्ड 1
650 _aभारत-इतिहास; लोहिया, राममनोहर
942 _hV2y7N10, 152Q3.1-.5(RR)
_cREF
999 _c114915
_d114915